<?xml version="1.0" encoding="UTF-8"?><?xml-stylesheet type="text/xsl" href="static/style.xsl"?><OAI-PMH xmlns="http://www.openarchives.org/OAI/2.0/" xmlns:xsi="http://www.w3.org/2001/XMLSchema-instance" xsi:schemaLocation="http://www.openarchives.org/OAI/2.0/ http://www.openarchives.org/OAI/2.0/OAI-PMH.xsd"><responseDate>2026-04-13T01:26:17Z</responseDate><request verb="GetRecord" identifier="oai:www.recercat.cat:2445/207235" metadataPrefix="marc">https://recercat.cat/oai/request</request><GetRecord><record><header><identifier>oai:recercat.cat:2445/207235</identifier><datestamp>2025-12-04T19:44:38Z</datestamp><setSpec>com_2072_1057</setSpec><setSpec>col_2072_478803</setSpec><setSpec>col_2072_478917</setSpec></header><metadata><record xmlns="http://www.loc.gov/MARC21/slim" xmlns:dcterms="http://purl.org/dc/terms/" xmlns:xsi="http://www.w3.org/2001/XMLSchema-instance" xmlns:doc="http://www.lyncode.com/xoai" xsi:schemaLocation="http://www.loc.gov/MARC21/slim http://www.loc.gov/standards/marcxml/schema/MARC21slim.xsd">
   <leader>00925njm 22002777a 4500</leader>
   <datafield ind2=" " ind1=" " tag="042">
      <subfield code="a">dc</subfield>
   </datafield>
   <datafield ind2=" " ind1=" " tag="720">
      <subfield code="a">Torres Carceller, Andrés</subfield>
      <subfield code="e">author</subfield>
   </datafield>
   <datafield ind2=" " ind1=" " tag="720">
      <subfield code="a">Castell Villanueva, Júlia</subfield>
      <subfield code="e">author</subfield>
   </datafield>
   <datafield ind2=" " ind1=" " tag="260">
      <subfield code="c">2024-02-06T18:51:22Z</subfield>
   </datafield>
   <datafield ind2=" " ind1=" " tag="260">
      <subfield code="c">2024-02-06T18:51:22Z</subfield>
   </datafield>
   <datafield ind2=" " ind1=" " tag="260">
      <subfield code="c">2019-09</subfield>
   </datafield>
   <datafield ind2=" " ind1=" " tag="260">
      <subfield code="c">2024-02-06T18:51:22Z</subfield>
   </datafield>
   <datafield ind2=" " ind1=" " tag="520">
      <subfield code="a">En el marco de L’educació de les arts II. Els llocs de les arts: escola, transversalitat i xarxes realizado en el centro de arte Arts Santa Mònica de Barcelona, en mayo del 2017, un equipo de docentes de la Facultad de Educación de la Universidad de Barcelona, diseñamos un ciclo de talleres que fomentaban el descubrimiento espacial desde y para el museo como excusa metodológica para la enseñanza artística. En los talleres, dirigidos a docentes de educación Infantil, Primaria y Secundaria, se abordaba el tema del espacio desde cuatro metáforas conceptuales relacionadas directamente con cada una de las etapas educativas y un último espacio de reflexión con proyección de futuro sobre la práctica docente en las distintas etapas: el refugio (infancia), el tránsito (primaria), el no lugar (adolescencia) y el encuentro (docentes). Utilizando el lenguaje plástico como medio de expresión y comunicación, cada taller conformaba un meditado itinerario de propuestas que utilizaban la interacción directa con el espacio como detonante para reflexionar en torno a cómo habitamos el espacio y sus repercusiones desde un punto de vista educativo.</subfield>
   </datafield>
   <datafield tag="653" ind2=" " ind1=" ">
      <subfield code="a">Percepció de l'espai</subfield>
   </datafield>
   <datafield tag="653" ind2=" " ind1=" ">
      <subfield code="a">Ensenyament de l'art</subfield>
   </datafield>
   <datafield tag="653" ind2=" " ind1=" ">
      <subfield code="a">Formació del professorat</subfield>
   </datafield>
   <datafield tag="653" ind2=" " ind1=" ">
      <subfield code="a">Experiències educatives</subfield>
   </datafield>
   <datafield tag="653" ind2=" " ind1=" ">
      <subfield code="a">Museus en l'ensenyament</subfield>
   </datafield>
   <datafield tag="653" ind2=" " ind1=" ">
      <subfield code="a">Space perception</subfield>
   </datafield>
   <datafield tag="653" ind2=" " ind1=" ">
      <subfield code="a">Art education</subfield>
   </datafield>
   <datafield tag="653" ind2=" " ind1=" ">
      <subfield code="a">Teacher training</subfield>
   </datafield>
   <datafield tag="653" ind2=" " ind1=" ">
      <subfield code="a">Educational experiences</subfield>
   </datafield>
   <datafield tag="653" ind2=" " ind1=" ">
      <subfield code="a">Museums in education</subfield>
   </datafield>
   <datafield ind2="0" ind1="0" tag="245">
      <subfield code="a">Nuevas formas de educar artísticamente desde y para el museo. El descubrimiento espacial de lo habitado como elemento potencialmente transformador</subfield>
   </datafield>
   <datafield ind2="0" ind1="0" tag="245">
      <subfield code="a">New ways to educate artistically from and for the museum: the spatial discovery of the dwell as a potentially transforming element</subfield>
   </datafield>
</record></metadata></record></GetRecord></OAI-PMH>